Представление документа в формате RUSMARC

ПолеНазваниеЗначение
  Тип записи a
  Библиографический уровень m
001 Контрольный номер 2a075134768c4b7c99c8b5b888867be2
005 Дата корректировки 20140616113943.7
010 Индекс ISBN __
a ISBN 5-238-00756-6
200 Заглавие и сведения об ответственности 1_
a Заглавие Аудит учета финансовых результатов и их использование
e Сведения, относящиеся к заглавию практ.пособие
f Первые сведения об ответственности И.Н.Богатая,Н.Н.Хохонова,Н.С.Косова;под ред.В.И.Подольского
210 Выходные данные 1_
a Место издания М.
c Издательство ЮНИТИ
d Дата издания 2004
215 Физическое описание __
a Объем 107 с.
225 Серия 2_
a Серия Аудит:организация и технологии
300 Общие примечания __
a Общие примечания гриф
610 Ключевые слова 0_
a Ключевые слова аудит
610 Ключевые слова 0_
a Ключевые слова финансовые результаты
610 Ключевые слова 0_
a Ключевые слова бухгалтерский учет
610 Ключевые слова 0_
a Ключевые слова финансовый учет
610 Ключевые слова 0_
a Ключевые слова практическое пособие
610 Ключевые слова 0_
a Ключевые слова гриф
686 Индексы других классификаций __
a Классификационный индекс 65.052.9(2)215
2 Код системы rubbk
686 Индексы других классификаций __
a Классификационный индекс 65.052.9(2)226
2 Код системы rubbk
700 Автор _1
a Фамилия Богатая, Ирина Николаевна
801 Источник записи _0
a Страна RU
b Организация РУК
c Дата составления 20050429
g Правила каталогизации PSBO
801 Источник записи _1
a Страна RU
b Организация РУК
c Дата составления 20050429
g Правила каталогизации PSBO
852 Данные о местонахождении __
i Авторский знак Б73
j Шифр хранения ББК 65.052
901 Тип документа __
t Тип документа m
938 Служебная информация __
a Название организации Головной вуз
b Имя БД BOOK
c Название АИБС АИБС ИРБИС
952 Тип литературы __
b Гриф литературы для ВШ гриф